Every President and Vice President - Statistics

General Stats
  • This quiz has been taken 35 times
  • The average score is 63 of 96
Answer Stats
Picture Hint Answer % Correct
President George Washington
100%
Vice President Thomas Jefferson
94%
President Thomas Jefferson
94%
Vice President John Adams
90%
President John Adams
90%
President John Quincy Adams
90%
Vice President Kamala Harris
90%
President Donald Trump
87%
Vice President Joe Biden
87%
President Joe Biden
87%
President Ronald Reagan
87%
President Abraham Lincoln
84%
President Barack Obama
84%
President Bill Clinton
84%
President Franklin D. Roosevelt
84%
Vice President George Clinton
84%
Vice President George H.W. Bush
84%
President George H.W. Bush
84%
President George W. Bush
84%
President James Monroe
84%
President John F. Kennedy
84%
Vice President Lyndon B. Johnson
84%
President Lyndon B. Johnson
84%
Vice President Richard Nixon
84%
President Richard Nixon
84%
Vice President Theodore Roosevelt
84%
President Theodore Roosevelt
84%
President Andrew Jackson
81%
Vice President Andrew Johnson
81%
President Andrew Johnson
81%
President Dwight D. Eisenhower
81%
Vice President Gerald Ford
81%
President Gerald Ford
81%
President James Buchanan
81%
President James Madison
81%
President Jimmy Carter
81%
Vice President Richard Mentor Johnson
81%
Vice President Al Gore
77%
Vice President Harry S. Truman
77%
President Harry S. Truman
77%
President James K. Polk
77%
Vice President John Tyler
77%
President John Tyler
77%
Vice President Mike Pence
77%
President Ulysses S. Grant
77%
President Benjamin Harrison
74%
Vice President Calvin Coolidge
74%
President Calvin Coolidge
74%
Vice President Henry Wilson
74%
Vice President Martin Van Buren
74%
President Martin Van Buren
74%
President William Henry Harrison
74%
President William Howard Taft
74%
President Woodrow Wilson
74%
President Zachary Taylor
74%
President Franklin Pierce
71%
President Grover Cleveland
71%
President Grover Cleveland
71%
President Herbert Hoover
71%
Vice President Millard Fillmore
71%
President Millard Fillmore
71%
President Rutherford B. Hayes
71%
President Warren G. Harding
71%
President James A. Garfield
68%
President William McKinley
68%
Vice President Chester A. Arthur
61%
President Chester A. Arthur
61%
Vice President Dick Cheney
61%
Vice President Dan Quayle
58%
Vice President Aaron Burr
55%
Vice President Spiro Agnew
52%
Vice President Hubert Humphrey
45%
Vice President Walter Mondale
42%
Vice President Nelson Rockefeller
39%
Vice President John C. Calhoun
35%
Vice President John C. Calhoun
35%
Vice President John Nance Garner
35%
Vice President Adlai Stevenson I
32%
Vice President Elbridge Gerry
32%
Vice President Hannibal Hamlin
32%
Vice President Daniel D. Tompkins
29%
Vice President George M. Dallas
29%
Vice President Henry A. Wallace
29%
Vice President John C. Breckenridge
29%
Vice President Thomas R. Marshall
29%
Vice President William R. King
29%
Vice President Alben W. Barkley
26%
Vice President Charles Curtis
26%
Vice President Charles G. Dawes
26%
Vice President Charles W. Fairbanks
26%
Vice President Garret Hobart
26%
Vice President James S. Sherman
26%
Vice President Schuyler Colfax
26%
Vice President Levi P. Morton
23%
Vice President Thomas A. Hendricks
23%
Vice President William A. Wheeler
23%
No matching quizzes found
Score Distribution
Percent of People with Each Score
Percentile by Number Answered
Your Score History
You have not taken this quiz